000 00998nmm a2200301 a 4500
001 ocm000584493
003 TR-IsHL
005 20201028154401.0
008 130625s2010 tu tur
007 cr cn
020 _a9789944978750
035 _a584493
_b(N$T)
050 0 4 _aB3317.N54
_bA36 2010
090 0 4 _aB3317.N54
_bA36 2010
100 1 _aNietzsche, Friedrich
245 1 0 _aAforizmalar
_h[electronic resource] /
_cFriedrich Nietzsche ; derl. Orhan Düz
250 _a1. bs.
260 _aİstanbul :
_bİlgi Kültür Sanat Yayıncılık,
_c2010
300 _a257 p.
650 4 _aFelsefe, Psikoloji ve Din
650 4 _aPhilosophy, Psychology and Religion
650 0 _aNietzsche, Friedrich Wilhelm, 1844-1900
650 0 _aFelsefe, Alman
650 0 _aPhilosophy, German
650 7 _aPHILOSOPHY / Ethics & Moral Philosophy
_2bisacsh
700 1 _aDüz, Orhan
856 4 0 _uhttp://search.ebscohost.com/login.aspx?direct=true&scope=site&db=e011xww&AN=584493
999 _c12548
_d12548